[Event "CFriend AO-2003-0-00001 email"]
[Site "Chessfriend.com"]
[Date "2003.06.29"]
[Round "1"]
[White "Mueller, Klaus"]
[Black "Raugstad, Oddvar"]
[Result "1-0"]
[WhiteElo "1323"]
[BlackElo "1356"]
[PlyCount "37"]
[EventDate "2003.??.??"]
[EventType "tourn (corr)"]
[EventRounds "12"]
[SourceTitle "Corr 2024"]
[Source "ChessBase"]
[SourceDate "2023.10.19"]
[SourceVersion "1"]
[SourceVersionDate "2023.10.19"]
[SourceQuality "1"]

1. b4 e5 2. Bb2 Bxb4 3. f4 exf4 4. Bxg7 Qh4+ 5. g3 fxg3 6. Bg2 gxh2+ 7. Kf1 hxg1Q+ 8. Kxg1 Qg5 9. Bxh8 h5 10. e3 h4 11. Qf3 c6 12. Nc3 d5 13. Qf4 Qxf4 14. exf4 Bc5+ 15. Kf1 Be7 16. Re1 Kd8 17. Bh3 Bxh3+ 18. Rxh3 Nd7 19. Bg7 1-0